Everworld Books Quiz Stats

 Plays Quiz Retired Jul 7, 2021

     
Support Sporcle.
Go Orange.
Score 0/12 Timer 05:00
0 Plays Today
Book Novel % Correct
1Search for Senna
77.8%
2Land of Loss
66.8%
3Enter the Enchanted
47%
12Entertain the End
46.8%
4Realm of the Reaper
41%
7Gateway to the Gods
40.1%
6Fear the Fantastic
39.8%
5Discover the Destroyer
39.5%
8Brave the Betrayal
38.3%
11Mystify the Magician
37.3%
9Inside the Illusion
37.1%
10Understand the Unknown
35.4%

From the Vault

Meme Origins

by FilipinoBreloom

Is this quiz trying to turn itself into some kind of weird memeception?
Remove Ads.
Support Sporcle.
Get the best of Sporcle when you Go Orange. This ad-free experience offers more features, more stats, and more fun while also helping to support Sporcle. Thank you for becoming a member.

Show Comments

Extras

Top Quizzes Today


Score Distribution

Your Account Isn't Verified!

In order to create a playlist on Sporcle, you need to verify the email address you used during registration. Go to your Sporcle Settings to finish the process.

Report this User

Report this user for behavior that violates our Community Guidelines.

Details: